000
00286nam a22001337a 4500
020
_a
9780929355733
041
_a
ENG
100
_a
Lindley.J.A
245
_a
Agricultural Buildings And Stuctures
260
_a
USA
_b
ASAE
_c
1996
300
_a
636
650
_a
APE
856
_u
APE ( 3 )
999
_c
2497
_d
2497